| 000 | 00000nmm##2200000za#4500 |
| 001 | 9.661751 |
| 003 | CaOODSP |
| 005 | 20200401064053 |
| 007 | cj ||||||||||| |
| 008 | 150407|2000||||xxc |q d#f eng|d |
| 020 | |a0-662-64876-5 |
| 040 | |aCaOODSP|beng |
| 041 | |aeng |
| 041 | |afre |
| 043 | |an-cn--- |
| 086 | 1 |aBT22-67/2000-MR1 |
| 110 | 1 |aCanada. |bTreasury Board. |
| 245 | 10|aEmbracing change in the Federal Public Service / |h[electronic resource]|cissued by the Task Force on the Participation of Visible Minorities in the Federal Public Service. |
| 260 | |aOttawa - Ontario : |bTreasury Board of Canada Secretariat |c2000. |
| 300 | |a1 diskette 3.5 ". |
| 546 | |aBilingual |
| 590 | |a00-27|b2000-07-07 |
| 690 | 07|aPublic service|2gcpds |
| 690 | 07|aVisible minorities|2gcpds |
| 776 | 0#|tFaire place au changement dans la fonction publique fédérale / |w(CaOODSP)9.637798 |
| 776 | 0#|tEmbracing change in the federal public service / |w(CaOODSP)9.693623 |
| 776 | 0#|tFaire place au changement dans la fonction publique fédérale / |w(CaOODSP)9.661750 |
| 792 | |tFaire place au changement dans la fonction publique fédérale / |efre|w(CaOODSP)9.661752 |